000 01045cab a2200241 4500
001 WB2533-17
008 090401t1989 xxu||||| |||| 00| 0 eng d
035 _a(Sirsi) u23893
041 _aeng
245 _aRestrictive covenants survive consent decision
260 _c1989
350 _a0
490 _aTimes
_v18/8/89 p27
520 _aIn R v Tunbridge Wells BC , ex parte Blue Boys Development Ltd and Another, QBD 20 July 1989, it was held that a determination under the Town and Country Planning Act 1971 s53 that a change of use does not amount to development , does not remove planning conditions attached to the original planning permission. Change of use had been sought for 12 self-catering holiday units to permanent residential use .
650 _aC3 CLASS
650 _aHOLIDAY LETTINGS
650 _aSHORT TERM LETTINGS
650 _aTOWN AND COUNTRY PLANNING ACT 1971 S52
650 _aTOWN AND COUNTRY PLANNING (USE CLASSES) ORDER 1987
690 _aPLANNING LAW AND PRACTICE
942 _n0
948 _c04/03/1997
999 _c15996
_d15996